Pokémon groupe d'Œuf-Aérien - Statistiques

Statistiques générales
  • Ce quiz a été pris 47 fois
  • Le résultat moyen est 54 sur 73
Statistiques - réponses
Deuxième
Groupe d'Œuf
Pokémon % Correct
Draconique Altaria
100%
Aquatique 1 Bekipan
100%
Aquatique 1 Couaneton
100%
Étouraptor
100%
Étourmi
100%
Étourvol
100%
Furaiglon
100%
Aquatique 1 Goélise
100%
Hélédelle
100%
Hoothoot
100%
Aquatique 1 Lakmécygne
100%
Nirondelle
100%
Noarfang
100%
Piafabec
100%
Rapasdepic
100%
Roucarnage
100%
Roucool
100%
Roucoups
100%
Draconique Tylton
100%
Airmure
89%
Terrestre Canarticho
89%
Colombeau
89%
Déflaisan
89%
Dodrio
89%
Doduo
89%
Gueriaigle
89%
Poichigeon
89%
Bazoucan
78%
Bleuseille
78%
Braisillon
78%
Corvaillus
78%
Flambusard
78%
Minisange
78%
Terrestre Palarticho
78%
Passerouge
78%
Picassaut
78%
Piclairon
78%
Ptéra
78%
Féerique Togekiss
78%
Féerique Togetic
78%
Vaututrice
78%
Vostourno
78%
Aquatique 1 Zapétrel
78%
Cornèbre
67%
Aquatique 1 Fulgulairo
67%
Natu
67%
Aquatique 1 Nigosier
67%
Pijako
67%
Xatu
67%
Aquatique 3 Aéroptéryx
56%
Aquatique 3 Arkéapti
56%
Corboss
56%
Cryptéro
56%
Flamenroule
56%
Nosferalto
56%
Nosferapti
56%
Nostenfer
56%
Draconique Sonistrelle
56%
Tapatoès
56%
Archéduc
44%
Brindibou
44%
Humanoïde Brutalibré
44%
Draconique Bruyverne
44%
Aquatique 1 Canarbello
44%
Terrestre Chovsourir
44%
Aquatique 1 Coiffeton
44%
Efflèche
44%
Lestombaile
44%
Aquatique 1 Palmaval
44%
Plumeline
44%
Terrestre Rhinolove
44%
Cléopsytra
22%
Flotillon
22%
Aucun quiz correspondant
Distribution des résultats
% des personnes avec chaque résultat
Percentile par nombre de réponses
Votre historique - résultats
Vous n’avez pas pris ce quiz